05839 2202473 4500001002100000005001500021035002000036007000300056008004100059020002200100082001200122084002400134100003100158245006100189260002700250990001600277990001600293990001600309990001600325990001600341990001600357990001600373990001600389990001600405990001600421990001600437990001600453990001600469990001600485990001600501990001600517990001600533990001600549990001600565990001600581990001600597990001600613990001600629990001600645990001600661990001600677990001600693990001600709990001600725990001600741990001600757990001600773990001600789990001600805990001600821990001600837990001600853990001600869990001600885990001600901990001600917990001600933990001600949990001600965990001600981990001600997990001601013990001601029990001601045990001601061990001601077990001601093990001601109990001601125990001601141990001601157990001601173990001601189990001601205990001601221990001601237990001601253990001601269990001601285990001601301990001601317990001601333990001601349990001601365990001601381990001601397990001601413990001601429990001601445990001601461990001601477990001601493990001601509990001601525990001601541990001601557990001601573990001601589990001601605990001601621990001601637990001601653990001601669990001601685990001601701990001601717990001601733990001601749990001601765990001601781990001601797990001601813990001601829990001601845990001601861990001601877990001601893990001601909990001601925990001601941990001601957990001601973990001601989990001602005990001602021990001602037990001602053990001602069990001602085990001602101990001602117990001602133990001602149990001602165990001602181990001602197990001602213990001602229990001602245990001602261990001602277990001602293990001602309990001602325990001602341990001602357990001602373990001602389990001602405990001602421990001602437990001602453990001602469990001602485990001602501990001602517990001602533990001602549990001602565990001602581990001602597990001602613990001602629990001602645990001602661990001602677990001602693990001602709990001602725990001602741990001602757990001602773990001602789990001602805990001602821990001602837990001602853990001602869990001602885990001602901990001602917990001602933990001602949990001602965990001602981990001602997990001603013990001603029990001603045990001603061990001603077990001603093990001603109990001603125990001603141990001603157990001603173990001603189990001603205990001603221990001603237990001603253990001603269990001603285990001603301990001603317990001603333990001603349INLIS00000000000042320210424104034 a0010-0421000423ta210424 g 0 ind  a978-602-293-094-5 a297.268 a297.268 MUH s.c.1930 aMuhammad Khalil Kemenag RI1 aSejarah Kebudayaan Islam untuk Madrasah Aliyah Kelas XII aJakarta :bKemenang RI a2017/h/1199 a2017/h/1200 a2017/h/1201 a2017/h/1202 a2017/h/1203 a2017/h/1204 a2017/h/1205 a2017/h/1206 a2017/h/1207 a2017/h/1208 a2017/h/1209 a2017/h/1210 a2017/h/1211 a2017/h/1212 a2017/h/1213 a2017/h/1214 a2017/h/1215 a2017/h/1216 a2017/h/1217 a2017/h/1218 a2017/h/1219 a2017/h/1220 a2017/h/1221 a2017/h/1222 a2017/h/1223 a2017/h/1224 a2017/h/1225 a2017/h/1226 a2017/h/1227 a2017/h/1228 a2017/h/1229 a2017/h/1230 a2017/h/1231 a2017/h/1232 a2017/h/1233 a2017/h/1234 a2017/h/1235 a2017/h/1236 a2017/h/1237 a2017/h/1238 a2017/h/1239 a2017/h/1240 a2017/h/1241 a2017/h/1242 a2017/h/1243 a2017/h/1244 a2017/h/1245 a2017/h/1246 a2017/h/1247 a2017/h/1248 a2017/h/1249 a2017/h/1250 a2017/h/1251 a2017/h/1252 a2017/h/1253 a2017/h/1254 a2017/h/1255 a2017/h/1256 a2017/h/1257 a2017/h/1258 a2017/h/1259 a2017/h/1260 a2017/h/1261 a2017/h/1262 a2017/h/1263 a2017/h/1264 a2017/h/1265 a2017/h/1266 a2017/h/1267 a2017/h/1268 a2017/h/1269 a2017/h/1270 a2017/h/1271 a2017/h/1272 a2017/h/1273 a2017/h/1274 a2017/h/1275 a2017/h/1276 a2017/h/1277 a2017/h/1278 a2017/h/1279 a2017/h/1280 a2017/h/1281 a2017/h/1282 a2017/h/1283 a2017/h/1284 a2017/h/1285 a2017/h/1286 a2017/h/1287 a2017/h/1288 a2017/h/1289 a2017/h/1290 a2017/h/1291 a2017/h/1292 a2017/h/1293 a2017/h/1294 a2017/h/1295 a2017/h/1296 a2017/h/1297 a2017/h/1298 a2017/h/1299 a2017/h/1300 a2017/h/1301 a2017/h/1302 a2017/h/1303 a2017/h/1304 a2017/h/1305 a2017/h/1306 a2017/h/1307 a2017/h/1308 a2017/h/1309 a2017/h/1310 a2017/h/1311 a2017/h/1312 a2017/h/1313 a2017/h/1314 a2017/h/1315 a2017/h/1316 a2017/h/1317 a2017/h/1318 a2017/h/1319 a2017/h/1320 a2017/h/1321 a2017/h/1322 a2017/h/1323 a2017/h/1324 a2017/h/1325 a2017/h/1326 a2017/h/1327 a2017/h/1328 a2017/h/1329 a2017/h/1330 a2017/h/1331 a2017/h/1332 a2017/h/1333 a2017/h/1334 a2017/h/1335 a2017/h/1336 a2017/h/1337 a2017/h/1338 a2017/h/1339 a2017/h/1340 a2017/h/1341 a2017/h/1342 a2017/h/1343 a2017/h/1344 a2017/h/1345 a2017/h/1346 a2017/h/1347 a2017/h/1348 a2017/h/1349 a2017/h/1350 a2017/h/1351 a2017/h/1352 a2017/h/1353 a2017/h/1354 a2017/h/1355 a2017/h/1356 a2017/h/1357 a2017/h/1358 a2017/h/1359 a2017/h/1360 a2017/h/1361 a2017/h/1362 a2017/h/1363 a2017/h/1364 a2017/h/1365 a2017/h/1366 a2017/h/1367 a2017/h/1368 a2017/h/1369 a2017/h/1370 a2017/h/1371 a2017/h/1372 a2017/h/1373 a2017/h/1374 a2017/h/1375 a2017/h/1376 a2017/h/1377 a2017/h/1378 a2017/h/1379 a2017/h/1380 a2017/h/1381 a2017/h/1382 a2017/h/1383 a2017/h/1384 a2017/h/1385 a2017/h/1386 a2017/h/1387 a2017/h/1388 a2017/h/1389 a2017/h/1390 a2017/h/1391